header

High performance data mining (Record no. 73356)

MARC details
000 -LEADER
fixed length control field 01339nam a22003254a 4500
082 04 - DEWEY DECIMAL CLASSIFICATION NUMBER
Classification number 005.1/17
245 00 - TITLE STATEMENT
Title High performance data mining
260 ## - PUBLICATION, DISTRIBUTION, ETC. (IMPRINT)
Place of publication Boston :
Name of publisher Kluwer Academic,
Year of publication c1999.
300 ## - PHYSICAL DESCRIPTION
Number of Pages 105 p. :
Other physical details ill.
500 ## - GENERAL NOTE
General note "A special issue of Data mining and knowledge discovery, volume 3, no. 03 (Sept. 1999)."
650 #0 - SUBJECT ADDED ENTRY--TOPICAL TERM
Topical Term Data mining.
Topical Term Parallel processing (Electronic computers)
700 1# - ADDED ENTRY--PERSONAL NAME
Personal name Guo, Yike.
Personal name Grossman, Robert,
856 40 - ELECTRONIC LOCATION AND ACCESS
Uniform Resource Identifier http://site.ebrary.com/lib/rucke/Doc?id=10046985

No items available.

© 2026 Rongo University
Contact us: librarian | system librarian | Rongo university